000 00604nam a2200193Ia 4500
005 20250326142213.0
008 250326s9999 xx 000 0 und d
020 _a0-87589-679-0
037 _aTextbook
040 _aFMSL
_beng
_cFMSL
041 _aeng
_2eng
084 _aX:74 M6
_qFMSL
100 _aFlamholtz Eric G
_9244178
245 0 _aHow to make the transition from an enterpreneurship to a professionally managed firm
_cFlamholtz Eric G
260 _aSan Francisco
_bSan Francisco, Jossey-Bass
_c1986
300 _axxvi,231
942 _cTB
_hX:74 M6
999 _c1293923
_d1293923